Trudovoj kolektiv i upravlenije social'nym razvitijem.

Súhrn informácií, ktoré sú k dispozícii o sociálnom rozvoji podniku. Štruktúra pracovného kolektívu. Stav a potreby kolektívu a analýza možností jeho rozvoja na základe sociálneho pasportu. Plány sociálneho rozvoja podnikov a niektoré jeho ukazovatele. Hodnotenie plnenia plánov.

Saved in:
Bibliographic Details
Main Author: Grafskij, Ju
Format: Book Chapter
Language:Russian
Subjects:
Tags: Add Tag
No Tags, Be the first to tag this record!

MARC

LEADER 00000naa a2200000 4500
001 r001528
005 20220819194810.1
041 0 |a rus 
044 |a SU 
245 1 0 |a Trudovoj kolektiv i upravlenije social'nym razvitijem.  |c Ju. Grafskij 
520 |a Súhrn informácií, ktoré sú k dispozícii o sociálnom rozvoji podniku. Štruktúra pracovného kolektívu. Stav a potreby kolektívu a analýza možností jeho rozvoja na základe sociálneho pasportu. Plány sociálneho rozvoja podnikov a niektoré jeho ukazovatele. Hodnotenie plnenia plánov. 
610 2 0 |a kolektív pracovný 
610 2 0 |a riadenie sociálne 
610 2 0 |a rozvoj sociálny 
610 2 0 |a plán rozvoja sociálneho 
610 2 0 |a plán podnikový 
100 1 |a Grafskij, Ju.